Historia de los judíos en las edades antigua, media y moderna / (Record no. 155599)

MARC details
000 -LEADER
campo de control de longitud fija 00925nam a22002415i 4500
001 - NÚMERO DE CONTROL
campo de control 155599
003 - IDENTIFICADOR DE NÚMERO DE CONTROL
campo de control ES-MaACL
005 - FECHA Y HORA DE LA ÚLTIMA TRANSACCIÓN
campo de control 20260616184059.0
008 - DATOS DE LONGITUD FIJA--INFORMACIÓN GENERAL
campo de control de longitud fija 940202s1893 sp a |||| | spa d
100 1# - ENTRADA PRINCIPAL--NOMBRE DE PERSONA
Nombre de persona Hosmer, James Kendall,
Fechas asociadas al nombre 1834-
9 (RLIN) 128038
245 10 - MENCIÓN DEL TÍTULO
Título Historia de los judíos en las edades antigua, media y moderna /
Mención de responsabilidad, etc. por James K. Hosmer ; versión española y apéndice por Eduardo Toda.
260 ## - PUBLICACIÓN, DISTRIBUCIÓN, ETC.
Lugar de publicación, distribución, etc. Madrid :
Nombre del editor, distribuidor, etc. El Progreso Editorial,
Fecha de publicación, distribución, etc. 1893.
300 ## - DESCRIPCIÓN FÍSICA
Extensión XXI, 436 p., [28] h. de lám. :
Otras características físicas il. ;
Dimensiones 21 cm.
490 1# - MENCIÓN DE SERIE
Mención de serie Historia de las naciones
504 ## - NOTA DE BIBLIOGRAFÍA, ETC.
Nota de bibliografía, etc. Índice.
505 8# - NOTA DE CONTENIDO CON FORMATO
Nota de contenido con formato Incluye apéndice: ;
Título Los judíos en España /
Mención de responsabilidad por Eduardo Toda
650 ## - PUNTO DE ACCESO ADICIONAL DE MATERIA--TÉRMINO DE MATERIA
Término de materia o nombre geográfico como elemento de entrada Judíos-
Subdivisión de forma Historia.
9 (RLIN) 13994
700 1# - ENTRADA AGREGADA--NOMBRE PERSONAL
Nombre de persona Toda, Eduardo,
Fechas asociadas al nombre 1852-1941
9 (RLIN) 133280
740 4# - ENTRADA AGREGADA--TÍTULO RELACIONADO/ANALÍTICO NO CONTROLADO
Título relacionado o analítico no controlado Los judíos en España.
830 0# - PUNTO DE ACCESO ADICIONAL DE SERIE-TÍTULO UNIFORME
Título uniforme Historia de las naciones
9 (RLIN) 182232
852 ## - LOCALIZACIÓN
Ubicación ES-MaACL
Número de control de estantería C-3271
Nota libre -- Enc. tela grab.
Holdings
Estatus retirado Estado de pérdida Estado de daño No para préstamo Colección Biblioteca de origen Biblioteca actual Ubicación en estantería Fecha de adquisición Fuente de adquisición Total de préstamos Signatura topográfica completa Código de barras Visto por última vez Precio de reemplazo Tipo de ítem Koha
        Libros del s. XIX Biblioteca del Ateneo de Madrid Biblioteca del Ateneo de Madrid Sala Palomar 17/01/2008     C-3271 1162759 23/02/2023 23/02/2023 Libro impreso antiguo